000 00497cam a22001097a 4500
008 180718b1977 xxu||||| |||| 00| 0 eng d
082 _aV434x5414 Or4ev
245 _aReport on the evalution of dug well programme in Orissa
_cby State Evalution Organisation, Planning & Co-ordination Department
260 _aBhubaneshwar
_bState Evalution Organisation, Planning & Co-ordination Department
_c1977
300 _a127+p.
700 _aOrissa. Planning & Co-ordination Deparment. State Evalution Organisation
999 _c498438
_d498438